Chùm truyện ngắn của Oscar Wilde /

Đã lưu trong:
Sonraí Bibleagrafaíochta
Príomhúdar: Wilde, Oscar.
Údair Eile: Nguyễn Văn Chiến (Dịch.)
Formáid: Bài viết
Teanga:Vietnamese
Ábhair:
Clibeanna: Cuir Clib Leis
Gan Chlibeanna, Bí ar an gcéad duine leis an taifead seo a chlibeáil!
Thư viện lưu trữ: Thư viện Trường Đại học Đà Lạt
LEADER 00803nam a2200277 4500
001 DLU120143461
005 ##20121105
040 # # |a DLU  |b vie 
041 # # |a vie 
044 # # |a vn 
100 # # |a Wilde, Oscar. 
245 # # |a Chùm truyện ngắn của Oscar Wilde /  |c Oscar Wilde, Nguyễn Văn Chiến dịch. 
653 # # |a Tâm lí xã hội 
653 # # |a Tình yêu 
653 # # |a Truyện ngắn 
700 # # |a Nguyễn Văn Chiến,   |e Dịch. 
773 # # |t Văn học nước ngoài  |g Số 3(99), 2011, tr. 5-40 
920 # # |a Phòng Tạp chí -- Trung tâm Thông tin - Thư viện Trường Đại học Đà Lạt 
994 # # |a DLU 
900 # # |a True 
911 # # |a Nguyễn Thị Linh Chi 
925 # # |a G 
926 # # |a A 
927 # # |a BB 
980 # # |a Thư viện Trường Đại học Đà Lạt